000 00379nam a22001457a 4500
003 SGT
082 _a616.024
_bP21R
100 _aRAO, MAHIMA
245 _aPREVALENCE OF SUBCLINICAL HYPOTHYROIDISM IN METABOLIC SYNDROME AND CORRELATION WITH ITS COMPONENTS
260 _aGURUGRAM
_bSGT UNIVERSITY
_c2021
300 _a91
650 _aMEDICINE
653 _aM.D
942 _2ddc
_cTH
999 _c26551
_d26551